América Latina y el Caribe: pobreza rural persistente
Αποθηκεύτηκε σε:
| Μορφή: | Κείμενο |
|---|---|
| Ετικέτες: |
Προσθήκη ετικέτας
Δεν υπάρχουν, Καταχωρήστε ετικέτα πρώτοι!
|
MARC
| LEADER | 00000 a a2200000 04500 | ||
|---|---|---|---|
| 001 | 47807 | ||
| 003 | |||
| 040 | |||
| 245 | |a América Latina y el Caribe: |b pobreza rural persistente | ||
| 773 | |a número17, (1989), 121 páginas : tablas | ||
| 999 | |c 29928 |d 29928 | ||
